000 00603nam a2200217 a 4500
001 2507435
005 20180315090412.0
008 920403s1992 maua 001 0 eng
010 _a 92071001
020 _a0316507202 (pbk.)
040 _aDLC
_cDLC
041 _aeng
043 _an-us---
080 _a621
100 _a27
101 _aMEC
245 0 4 _aThe Process of legal research :
_cChristina L. Kunz ... [et al.].
906 _a7
_bcbc
_corignew
_d2
_eopcn
_f19
_gy-gencatlg
942 _2ddc
_cBK
999 _c45154
_d45154